[Event "Frankfurt-chA"]
[Site "Frankfurt"]
[Date "2015.05.11"]
[Round "3"]
[White "Kirschner, Matthias"]
[Black "Fischer, Ulrich"]
[Result "0-1"]
[WhiteElo "1573"]
[BlackElo "1740"]
[PlyCount "68"]
[EventDate "2015.04.27"]
[EventType "swiss"]
[EventRounds "7"]
[EventCountry "GER"]
[SourceTitle "EXT 2016"]
[Source "ChessBase"]
[SourceDate "2015.10.08"]
[SourceVersion "1"]
[SourceVersionDate "2015.10.08"]
[SourceQuality "1"]

1. c4 c6 2. Nc3 d5 3. b3 e5 4. a3 d4 5. Na4 c5 6. g3 Nc6 7. Bg2 Bf5 8. d3 Nf6 9. Bg5 Qd6 10. Bxf6 Qxf6 11. Qc2 Be7 12. Nf3 Qe6 13. 0-0 e4 14. Nd2 e3 15. Ne4 Bxe4 16. Bxe4 Qd6 17. Nb2 exf2+ 18. Rxf2 h5 19. Raf1 h4 20. Bxc6+ bxc6 21. Rf3 hxg3 22. Rxg3 Bg5 23. Nd1 Bf4 24. Rxg7 Qh6 25. Rxf4 Qxh2+ 26. Kf1 Qxf4+ 27. Nf2 Rh1+ 28. Rg1 Rxg1+ 29. Kxg1 Ke7 30. Qd1 Rh8 31. Qe1 Qg3+ 32. Kf1 Rg8 33. e3 dxe3 34. b4 Qxf2+ 0-1

[Event "Frankfurt-chA"]
[Site "Frankfurt"]
[Date "2014.06.02"]
[Round "6"]
[White "Kirschner, Matthias"]
[Black "Koch, Thomas"]
[Result "1-0"]
[WhiteElo "1511"]
[BlackElo "1734"]
[PlyCount "81"]
[EventDate "2014.04.28"]
[EventType "swiss"]
[EventRounds "7"]
[EventCountry "GER"]
[SourceTitle "EXT 2015"]
[Source "ChessBase"]
[SourceDate "2014.11.20"]
[SourceVersion "1"]
[SourceVersionDate "2014.11.20"]
[SourceQuality "1"]

1. c4 f5 2. Nc3 Nf6 3. g3 g6 4. Bg2 Bg7 5. d3 0-0 6. Nf3 d6 7. Rb1 a5 8. a3 e5 9. Nd2 Qe8 10. 0-0 c6 11. Qc2 Nh5 12. b4 axb4 13. axb4 f4 14. Nde4 fxg3 15. hxg3 Qe6 16. b5 Kh8 17. bxc6 Nxc6 18. Be3 Nd4 19. Bxd4 exd4 20. Nd5 Ra7 21. Nc7 Qe7 22. Nb5 Ra6 23. Ra1 Nf6 24. Nxf6 Rxa1 25. Rxa1 Qxf6 26. Rf1 Qe7 27. Qd2 Be5 28. Na3 d5 29. Qb2 Bd6 30. Qxd4+ Rf6 31. Nb5 Bc5 32. Qxd5 Rf5 33. Qe4 Re5 34. Qf4 g5 35. Qc1 Rxe2 36. Nc3 Re5 37. Nd5 Qf7 38. Qa1 Bd6 39. c5 Bc7 40. Nxc7 Qxc7 41. Re1 1-0

[Event "Eschborn op 10th"]
[Site "Eschborn"]
[Date "2013.09.01"]
[Round "5"]
[White "Winter, Thomas"]
[Black "Kirschner, Matthias"]
[Result "0-1"]
[WhiteElo "1161"]
[BlackElo "1557"]
[PlyCount "68"]
[EventDate "2013.08.30"]
[EventType "swiss"]
[EventRounds "5"]
[EventCountry "GER"]
[SourceTitle "EXT 2014"]
[Source "ChessBase"]
[SourceDate "2013.11.20"]
[SourceVersion "1"]
[SourceVersionDate "2013.11.20"]
[SourceQuality "1"]

1. e4 c5 2. Nf3 d6 3. d4 cxd4 4. Nxd4 Nc6 5. Be3 Nf6 6. Nc3 g6 7. f3 Bg7 8. Qd2 0-0 9. Bh6 Bxh6 10. Qxh6 Nxd4 11. 0-0-0 Nc6 12. Be2 Qa5 13. Kb1 Be6 14. a3 a6 15. Qe3 b5 16. Na2 Bxa2+ 17. Kxa2 b4 18. Rd3 Qc5 19. Qd2 a5 20. Kb1 Rfb8 21. a4 Nd7 22. b3 Rd8 23. Rd5 Qa7 24. Rf1 Nf6 25. Rg5 Rac8 26. Rd1 Qc7 27. Qc1 e6 28. h4 d5 29. e5 Nxe5 30. f4 Ned7 31. h5 Ne4 32. hxg6 Nxg5 33. fxg5 fxg6 34. Qb2 Qe5 0-1

[Event "Karl Mala Memorial op-A 16th"]
[Site "Frankfurt"]
[Date "2013.07.14"]
[Round "7"]
[White "Ruell, Michael"]
[Black "Kirschner, Matthias"]
[Result "1/2-1/2"]
[WhiteElo "1851"]
[BlackElo "1683"]
[PlyCount "104"]
[EventDate "2013.07.11"]
[EventType "swiss"]
[EventRounds "7"]
[EventCountry "GER"]
[SourceTitle "EXT 2014"]
[Source "ChessBase"]
[SourceDate "2013.11.20"]
[SourceVersion "1"]
[SourceVersionDate "2013.11.20"]
[SourceQuality "1"]

1. d4 d6 2. Nf3 Nc6 3. Bf4 Nf6 4. e3 Nh5 5. Bg3 Nxg3 6. hxg3 e5 7. dxe5 Nxe5 8. Nxe5 dxe5 9. Qxd8+ Kxd8 10. Nd2 Be6 11. Bd3 h6 12. Nf3 Bd6 13. 0-0-0 Ke7 14. Nh4 Rad8 15. Bf5 Bxa2 16. Be4 Be6 17. Bxb7 Rb8 18. Bd5 Rb6 19. Bxe6 Kxe6 20. e4 Rhb8 21. b3 a5 22. Nf5 Bf8 23. Ne3 Bd6 24. Nc4 Ra6 25. Nxd6 cxd6 26. Kb2 Rb4 27. f3 Rab6 28. Ra1 a4 29. Ra3 axb3 30. Rxb3 f5 31. exf5+ Kxf5 32. Kc3 R4b5 33. Rd1 Rc5+ 34. Kb2 Rbc6 35. Rd2 d5 36. Rbd3 Rb5+ 37. Kc1 d4 38. Kd1 Rb1+ 39. Ke2 Rc1 40. Kf2 R6xc2 41. g4+ Kg5 42. Kg3 Rxd2 43. Rxd2 Rc3 44. Re2 Kf6 45. Kf2 g5 46. g3 Rc7 47. f4 Re7 48. Re4 d3 49. fxe5+ Rxe5 50. Rd4 Re2+ 51. Kf3 Rd2 52. Ke4 Ke6 1/2-1/2

[Event "Karl Mala Memorial op-A 16th"]
[Site "Frankfurt"]
[Date "2013.07.13"]
[Round "4"]
[White "Kirschner, Matthias"]
[Black "Voellinger, Florian"]
[Result "0-1"]
[WhiteElo "1683"]
[BlackElo "1816"]
[PlyCount "106"]
[EventDate "2013.07.11"]
[EventType "swiss"]
[EventRounds "7"]
[EventCountry "GER"]
[SourceTitle "EXT 2014"]
[Source "ChessBase"]
[SourceDate "2013.11.20"]
[SourceVersion "1"]
[SourceVersionDate "2013.11.20"]
[SourceQuality "1"]

1. c4 e5 2. g3 Nf6 3. Bg2 Nc6 4. Nc3 Be7 5. d3 d6 6. Nf3 0-0 7. 0-0 Bd7 8. a3 Nh5 9. b4 a6 10. Rb1 Rb8 11. b5 Na7 12. bxa6 bxa6 13. Be3 Nc6 14. Qc2 f5 15. Rxb8 Nxb8 16. Rb1 f4 17. Bd2 fxg3 18. hxg3 Bc6 19. Be3 Nd7 20. Nd5 Nhf6 21. Ng5 Bxd5 22. Bxd5+ Nxd5 23. Ne6 Nxe3 24. fxe3 Qc8 25. Nxf8 Nxf8 26. Qd1 Bg5 27. e4 Qh3 28. Kf2 Qh2+ 29. Kf3 Qh5+ 30. Kf2 Qf7+ 31. Kg2 Be3 32. Qe1 h6 33. Qf1 Qxf1+ 34. Rxf1 Ne6 35. Rb1 Kf7 36. a4 Nc5 37. Kf3 Bd4 38. a5 Bc3 39. Rd1 Bxa5 40. e3 Bb4 41. d4 Nd7 42. Kg4 Kg6 43. Kf3 a5 44. Ra1 c5 45. Rd1 a4 46. dxc5 Bxc5 47. Rb1 Nb6 48. Rb5 Nxc4 49. Rb8 a3 50. Ra8 Bb6 51. Ra4 Nxe3 52. Rxa3 Nc2 53. Rb3 Nd4+ 0-1

[Event "Karl Mala Memorial op-A 16th"]
[Site "Frankfurt"]
[Date "2013.07.12"]
[Round "2"]
[White "Rolf, Marco"]
[Black "Kirschner, Matthias"]
[Result "1-0"]
[WhiteElo "1917"]
[BlackElo "1683"]
[PlyCount "21"]
[EventDate "2013.07.11"]
[EventType "swiss"]
[EventRounds "7"]
[EventCountry "GER"]
[SourceTitle "EXT 2014"]
[Source "ChessBase"]
[SourceDate "2013.11.20"]
[SourceVersion "1"]
[SourceVersionDate "2013.11.20"]
[SourceQuality "1"]

1. d4 d6 2. c4 e5 3. Nf3 Nd7 4. Nc3 f5 5. e4 f4 6. g3 fxg3 7. hxg3 Ngf6 8. Ng5 c6 9. Nxh7 g6 10. Bg5 Be7 11. Nxf6+ 1-0

[Event "Frankfurt-chA"]
[Site "Frankfurt"]
[Date "2013.05.06"]
[Round "2"]
[White "Kirschner, Matthias"]
[Black "Fischer, Ulrich"]
[Result "0-1"]
[WhiteElo "1683"]
[BlackElo "1776"]
[PlyCount "64"]
[EventDate "2013.04.29"]
[EventType "swiss"]
[EventRounds "7"]
[EventCountry "GER"]
[SourceTitle "EXT 2014"]
[Source "ChessBase"]
[SourceDate "2013.11.20"]
[SourceVersion "1"]
[SourceVersionDate "2013.11.20"]
[SourceQuality "1"]

1. c4 c6 2. d3 d5 3. b3 e5 4. Nf3 Qc7 5. a3 Bg4 6. Nc3 d4 7. Ne4 Nd7 8. g3 Ngf6 9. Nfd2 Nxe4 10. Nxe4 f5 11. Nd2 Bd6 12. Bg2 Rd8 13. 0-0 0-0 14. Bb2 Nf6 15. b4 c5 16. bxc5 Bxc5 17. a4 Rfe8 18. Ba3 Bxa3 19. Rxa3 e4 20. f3 exf3 21. exf3 Bh5 22. Re1 Re3 23. Rxe3 dxe3 24. Nb1 Qxc4 25. Bf1 Qd4 26. Be2 Bxf3 27. Qb3+ Bd5 28. Qc3 Bc6 29. Qc4+ Kh8 30. Qe6 Qb4 31. Rb3 Qe1+ 32. Bf1 Qf2# 0-1

[Event "Rhein Main op-A 15th"]
[Site "Bad Homburg"]
[Date "2012.06.08"]
[Round "4"]
[White "Kirschner, Matthias"]
[Black "Schmitt, Roland"]
[Result "0-1"]
[WhiteElo "1687"]
[BlackElo "1916"]
[PlyCount "66"]
[EventDate "2012.06.06"]
[EventType "swiss"]
[EventRounds "7"]
[EventCountry "GER"]
[SourceTitle "EXT 2013"]
[Source "ChessBase"]
[SourceDate "2012.11.22"]
[SourceVersion "1"]
[SourceVersionDate "2012.11.22"]
[SourceQuality "1"]

1. c4 c5 2. g3 g6 3. Bg2 Bg7 4. Nf3 Nf6 5. Nc3 0-0 6. d3 d5 7. cxd5 Nxd5 8. Nxd5 Qxd5 9. 0-0 Qd6 10. Rb1 Nc6 11. b3 Bf5 12. Bb2 e5 13. Nd2 b6 14. Nc4 Qc7 15. Rc1 Rfd8 16. Nd2 Rac8 17. a3 Qd7 18. Rc2 f6 19. Ne4 Kf7 20. Nc3 Be6 21. Rc1 Kg8 22. Rb1 f5 23. Qc2 Nd4 24. Qd1 Bxb3 25. Qd2 e4 26. Nd1 c4 27. Ne3 c3 28. Bxc3 Rxc3 29. Rxb3 Nxb3 30. Qa2 Kh8 31. Nd1 Nc1 32. Qd2 Rcc8 33. Qb4 Nxe2+ 0-1

[Event "Rhein Main op-A 15th"]
[Site "Bad Homburg"]
[Date "2012.06.07"]
[Round "3"]
[White "Beck, Michael"]
[Black "Kirschner, Matthias"]
[Result "1-0"]
[WhiteElo "1916"]
[BlackElo "1687"]
[PlyCount "41"]
[EventDate "2012.06.06"]
[EventType "swiss"]
[EventRounds "7"]
[EventCountry "GER"]
[SourceTitle "EXT 2013"]
[Source "ChessBase"]
[SourceDate "2012.11.22"]
[SourceVersion "1"]
[SourceVersionDate "2012.11.22"]
[SourceQuality "1"]

1. Nf3 d6 2. d4 Nc6 3. e4 Nf6 4. Nc3 e5 5. dxe5 Nxe5 6. Nxe5 dxe5 7. Qxd8+ Kxd8 8. Bc4 Be6 9. Bxe6 fxe6 10. Be3 Bd6 11. f3 Ke7 12. Ke2 Rhd8 13. a3 a6 14. Rad1 h6 15. Nb1 Nd7 16. Nd2 Bc5 17. Nc4 Bxe3 18. Kxe3 Kf6 19. Rd2 b5 20. Rhd1 Ke7 21. Na5 1-0

[Event "Rhein Main op-A 15th"]
[Site "Bad Homburg"]
[Date "2012.06.07"]
[Round "2"]
[White "Kirschner, Matthias"]
[Black "Stierle, Martin"]
[Result "1/2-1/2"]
[WhiteElo "1687"]
[BlackElo "1933"]
[PlyCount "139"]
[EventDate "2012.06.06"]
[EventType "swiss"]
[EventRounds "7"]
[EventCountry "GER"]
[SourceTitle "EXT 2013"]
[Source "ChessBase"]
[SourceDate "2012.11.22"]
[SourceVersion "1"]
[SourceVersionDate "2012.11.22"]
[SourceQuality "1"]

1. c4 Nf6 2. g3 c5 3. Bg2 g6 4. d3 Bg7 5. Nf3 0-0 6. Nc3 d6 7. 0-0 Nc6 8. Rb1 Ne8 9. a3 Nc7 10. Qc2 Bg4 11. b4 cxb4 12. axb4 Bxf3 13. Bxf3 Nd4 14. Qd2 Nxf3+ 15. exf3 Ne6 16. Kg2 Qd7 17. h4 Nd4 18. Bb2 Nc6 19. Ne2 e5 20. d4 Qc7 21. Rfc1 Rad8 22. d5 Ne7 23. f4 Qd7 24. fxe5 dxe5 25. f4 exf4 26. Bxg7 Kxg7 27. Qxf4 Qf5 28. Qd4+ Kg8 29. Rf1 Qc2 30. Rb2 Qa4 31. Nc3 Qd7 32. Ne4 f5 33. Nc5 Qc8 34. Qe5 Rf7 35. Rbf2 Qb8 36. Qxb8 Rxb8 37. Nd7 Rc8 38. Ne5 Rg7 39. b5 Kf8 40. Rd1 Ng8 41. d6 Nf6 42. c5 Ne4 43. Rc2 Rxc5 44. Rxc5 Nxc5 45. d7 Nxd7 46. Nxd7+ Ke7 47. Nc5 Kf6 48. Rd6+ Ke5 49. Rd8 Rc7 50. Nd7+ Ke6 51. b6 axb6 52. Nxb6 Rc6 53. Nd5 b5 54. Nf4+ Kf6 55. Rb8 Rc2+ 56. Kf3 Rc3+ 57. Kf2 Rc2+ 58. Ke1 Rc1+ 59. Kd2 Rg1 60. Ne2 Rg2 61. Rxb5 h6 62. Ke3 g5 63. Rb6+ Kg7 64. Rb4 Kf6 65. Rd4 Ke5 66. Rd2 f4+ 67. gxf4+ gxf4+ 68. Kf3 Rh2 69. Kg4 h5+ 70. Kf3 1/2-1/2

[Event "Frankfurt-ch"]
[Site "Frankfurt"]
[Date "2011.06.06"]
[Round "6"]
[White "Nagel, Norbert"]
[Black "Kirschner, Matthias"]
[Result "1-0"]
[WhiteElo "1758"]
[BlackElo "1703"]
[PlyCount "49"]
[EventDate "2011.05.02"]
[EventType "swiss"]
[EventRounds "7"]
[EventCountry "GER"]
[SourceTitle "EXT 2012"]
[Source "ChessBase"]
[SourceDate "2011.11.24"]
[SourceVersion "1"]
[SourceVersionDate "2011.11.24"]
[SourceQuality "1"]

1. g3 g6 2. c4 Bg7 3. Bg2 c5 4. Nf3 Nf6 5. 0-0 0-0 6. Nc3 Nc6 7. Rb1 a6 8. a3 Rb8 9. b4 cxb4 10. axb4 b5 11. cxb5 axb5 12. d4 Ne8 13. e3 d5 14. Nxd5 e6 15. Nc3 Nd6 16. Qb3 Ne7 17. Nd2 Bb7 18. Bxb7 Rxb7 19. Nce4 Nxe4 20. Nxe4 Rd7 21. Bb2 Qb6 22. Rbc1 Rfd8 23. Rc5 e5 24. dxe5 Rd3 25. Qc2 1-0

[Event "Frankfurt-ch"]
[Site "Frankfurt"]
[Date "2011.05.23"]
[Round "4"]
[White "Mager, Denis"]
[Black "Kirschner, Matthias"]
[Result "1-0"]
[WhiteElo "1732"]
[BlackElo "1703"]
[PlyCount "45"]
[EventDate "2011.05.02"]
[EventType "swiss"]
[EventRounds "7"]
[EventCountry "GER"]
[SourceTitle "EXT 2012"]
[Source "ChessBase"]
[SourceDate "2011.11.24"]
[SourceVersion "1"]
[SourceVersionDate "2011.11.24"]
[SourceQuality "1"]

1. d4 d6 2. c4 e5 3. e3 exd4 4. exd4 Be7 5. Nc3 Nf6 6. Bd3 0-0 7. Nge2 Re8 8. 0-0 Nbd7 9. Ng3 g6 10. f4 Bf8 11. Bd2 Bg7 12. Qf3 c6 13. Nce2 Nf8 14. f5 Qc7 15. Bg5 N8d7 16. fxg6 hxg6 17. Ne4 Rxe4 18. Bxe4 Nxe4 19. Qxe4 Nb6 20. Qe8+ Kh7 21. Rxf7 Bd7 22. Qe7 Rg8 23. Bf6 1-0

[Event "Griesheim op"]
[Site "Griesheim"]
[Date "2011.05.??"]
[Round "1"]
[White "Vogel, Christian"]
[Black "Kirschner, Matthias"]
[Result "1-0"]
[WhiteElo "2196"]
[BlackElo "1703"]
[PlyCount "51"]
[EventDate "2011.05.??"]
[EventType "swiss"]
[EventRounds "5"]
[EventCountry "GER"]
[SourceTitle "CBM 142 Extra"]
[Source "ChessBase"]
[SourceDate "2011.06.27"]
[SourceVersion "1"]
[SourceVersionDate "2011.06.27"]
[SourceQuality "1"]

1. e4 d6 2. d4 Nf6 3. Nc3 e5 4. Nf3 Nbd7 5. Bc4 Be7 6. 0-0 0-0 7. Re1 a6 8. a4 b6 9. b3 Bb7 10. Bb2 Qb8 11. Nd5 Nxd5 12. exd5 f6 13. Qd3 Kh8 14. Nh4 Qe8 15. f4 Qh5 16. Nf5 Rfe8 17. Re3 Bf8 18. fxe5 fxe5 19. Rf1 e4 20. Rxe4 Rxe4 21. Qxe4 Re8 22. Qf4 Nf6 23. Ng3 Qg4 24. Qf2 Bc8 25. Be2 Qg6 26. Bh5 1-0

[Event "Frankfurt-ch"]
[Site "Frankfurt"]
[Date "2009.05.04"]
[Round "2"]
[White "Kirschner, Matthias"]
[Black "Enders, Georg"]
[Result "0-1"]
[WhiteElo "1719"]
[BlackElo "2011"]
[PlyCount "128"]
[EventDate "2009.04.27"]
[EventType "tourn"]
[EventRounds "7"]
[EventCountry "GER"]
[SourceTitle "EXT 2010"]
[Source "ChessBase"]
[SourceDate "2010.11.25"]
[SourceVersion "1"]
[SourceVersionDate "2010.11.25"]
[SourceQuality "1"]

1. c4 Nf6 2. g3 g6 3. Bg2 Bg7 4. Nc3 c5 5. d3 Nc6 6. Nf3 0-0 7. 0-0 e6 8. Rb1 d5 9. Nd2 a6 10. a3 Re8 11. b4 cxb4 12. axb4 Bf8 13. b5 Nb4 14. Ba3 a5 15. Qb3 Rb8 16. Bxb4 Bxb4 17. Nf3 b6 18. Nd4 Bb7 19. Nc2 Bc5 20. Na4 Bf8 21. Rfd1 d4 22. e3 Bxg2 23. Kxg2 e5 24. exd4 exd4 25. Re1 Qd6 26. Rxe8 Rxe8 27. Re1 Rxe1 28. Nxe1 Ng4 29. Qd1 h5 30. h3 Nf6 31. Qf3 Nd7 32. Nc2 Bg7 33. Qc6 Qe6 34. Qxe6 fxe6 35. Kf3 Kf7 36. Ke4 e5 37. f4 Ke6 38. fxe5 Nc5+ 39. Nxc5+ bxc5 40. Na1 a4 41. Nc2 Bxe5 42. Kf3 Bc7 43. g4 h4 44. Ke4 g5 45. Kf3 Ke5 46. Ke2 Ba5 47. Na3 Bb6 48. Nc2 Ba5 49. Na3 Kd6 50. Kf3 Bb4 51. Nc2 Bc3 52. Ke4 Bb2 53. Kf5 Bc1 54. Kg6 Ke6 55. Na1 Kd6 56. Kf6 Kc7 57. Kf5 Bb2 58. Nc2 Bc1 59. Na1 Kb6 60. Nc2 Ka5 61. Ke5 Kb6 62. Kd5 a3 63. Na1 a2 64. Nc2 Bb2 0-1

[Event "Rhein Main op 11th"]
[Site "Bad Homburg"]
[Date "2008.05.21"]
[Round "1"]
[White "Kirschner, Matthias"]
[Black "Kolker, Vladislav"]
[Result "0-1"]
[WhiteElo "1732"]
[BlackElo "2091"]
[PlyCount "46"]
[EventDate "2008.05.21"]
[EventType "swiss"]
[EventRounds "7"]
[EventCountry "GER"]
[SourceTitle "CBM 124 Extra"]
[Source "ChessBase"]
[SourceDate "2008.07.03"]
[SourceVersion "1"]
[SourceVersionDate "2008.07.03"]
[SourceQuality "1"]

1. g3 Nf6 2. c4 g6 3. Bg2 Bg7 4. Nc3 0-0 5. Nf3 d6 6. 0-0 Nc6 7. a3 Nh5 8. Rb1 f5 9. d3 f4 10. Qc2 Bg4 11. Nd5 e5 12. Qd1 Qd7 13. b4 Nd8 14. Bb2 c6 15. Nc3 Bh3 16. Nd2 Bxg2 17. Kxg2 fxg3 18. hxg3 Nf4+ 19. gxf4 Qg4+ 20. Kh1 Qh3+ 21. Kg1 Rxf4 22. f3 Qg3+ 23. Kh1 Rh4# 0-1

[Event "Wiesbaden op"]
[Site "Wiesbaden"]
[Date "2007.08.09"]
[Round "3"]
[White "Baunemann, Wilhelm"]
[Black "Kirschner, Matthias"]
[Result "0-1"]
[WhiteElo "789"]
[BlackElo "1694"]
[PlyCount "78"]
[EventDate "2007.08.02"]
[EventType "swiss"]
[EventRounds "7"]
[EventCountry "GER"]
[SourceTitle "EXT 2008"]
[Source "ChessBase"]
[SourceDate "2007.11.25"]
[SourceVersion "1"]
[SourceVersionDate "2007.11.25"]
[SourceQuality "1"]

1. e4 d6 2. Nf3 Nf6 3. d3 e5 4. Be3 Be7 5. g3 Nc6 6. Nbd2 Bg4 7. Bg2 Qd7 8. 0-0 0-0-0 9. c3 h5 10. Qb3 Rdf8 11. Ng5 Be6 12. Nxe6 Qxe6 13. Qxe6+ fxe6 14. Bh3 Kd7 15. Rac1 Ng4 16. f4 Nxe3 17. Rf3 Ng4 18. Rcf1 exf4 19. gxf4 Nf6 20. d4 Nd8 21. e5 Nh7 22. Nc4 g5 23. f5 g4 24. fxe6+ Nxe6 25. Rxf8 Rxf8 26. Bg2 Rxf1+ 27. Kxf1 c6 28. Be4 Nhg5 29. Kg2 Nxe4 30. exd6 Nxd6 31. Nxd6 Bxd6 32. Kh1 Nf4 33. a4 Ne2 34. Kg2 h4 35. h3 gxh3+ 36. Kxh3 Bg3 37. Kg4 Ke6 38. Kf3 Nf4 39. b4 Kd5 0-1

[Event "Wiesbaden op"]
[Site "Wiesbaden"]
[Date "2007.08.09"]
[Round "6"]
[White "Kirschner, Matthias"]
[Black "Kannenberg, Carl Friedrich"]
[Result "0-1"]
[WhiteElo "1694"]
[BlackElo "1972"]
[PlyCount "48"]
[EventDate "2007.08.02"]
[EventType "swiss"]
[EventRounds "7"]
[EventCountry "GER"]
[SourceTitle "EXT 2008"]
[Source "ChessBase"]
[SourceDate "2007.11.25"]
[SourceVersion "1"]
[SourceVersionDate "2007.11.25"]
[SourceQuality "1"]

1. g3 d5 2. Bg2 Nf6 3. d3 e6 4. b3 Be7 5. Bb2 0-0 6. Nf3 Nbd7 7. 0-0 b6 8. Nbd2 Bb7 9. Rc1 Rc8 10. c4 c5 11. cxd5 exd5 12. Rc2 d4 13. Qa1 Nd5 14. Re1 N7f6 15. e3 Nb4 16. Nxd4 Bxg2 17. Kxg2 Nxd3 18. Re2 cxd4 19. Rxc8 Qxc8 20. exd4 Qb7+ 21. Kg1 Nd5 22. a3 h6 23. Bc3 Rc8 24. Ne4 f5 0-1

[Event "Karl Mala Memorial op 10th"]
[Site "Griesheim"]
[Date "2006.07.23"]
[Round "6"]
[White "Berner, Manfred"]
[Black "Kirschner, Matthias"]
[Result "1/2-1/2"]
[WhiteElo "1908"]
[BlackElo "1516"]
[PlyCount "40"]
[EventDate "2006.07.20"]
[EventType "swiss"]
[EventRounds "7"]
[EventCountry "GER"]
[SourceTitle "CBM 113 Extra"]
[Source "ChessBase"]
[SourceDate "2006.09.14"]
[SourceVersion "1"]
[SourceVersionDate "2006.09.14"]
[SourceQuality "1"]

1. e4 d6 2. d4 Nf6 3. Nc3 e5 4. dxe5 dxe5 5. Qxd8+ Kxd8 6. Bg5 Be6 7. 0-0-0+ Bd6 8. Nf3 Ke7 9. Nd5+ Bxd5 10. exd5 Nbd7 11. Bb5 Rhd8 12. Rhe1 h6 13. Nxe5 Nxe5 14. Bf4 a6 15. Bf1 Nfd7 16. Bxe5 Bxe5 17. f4 f6 18. fxe5 Nxe5 19. g3 Kd6 20. Bg2 Re8 1/2-1/2

[Event "Karl Mala Memorial op 10th"]
[Site "Griesheim"]
[Date "2006.07.23"]
[Round "7"]
[White "Kirschner, Matthias"]
[Black "Specht, Christian"]
[Result "0-1"]
[WhiteElo "1516"]
[BlackElo "1931"]
[PlyCount "68"]
[EventDate "2006.07.20"]
[EventType "swiss"]
[EventRounds "7"]
[EventCountry "GER"]
[SourceTitle "CBM 113 Extra"]
[Source "ChessBase"]
[SourceDate "2006.09.14"]
[SourceVersion "1"]
[SourceVersionDate "2006.09.14"]
[SourceQuality "1"]

1. g3 f5 2. Bg2 Nf6 3. c4 g6 4. Nc3 Bg7 5. d3 0-0 6. Nf3 d6 7. b4 Ne4 8. Nxe4 fxe4 9. Rb1 exf3 10. Bxf3 e5 11. b5 Nd7 12. h4 Nf6 13. Be3 Ng4 14. Bd5+ Kh8 15. Bg5 Qe8 16. f3 Nf6 17. Qd2 Nxd5 18. cxd5 Bd7 19. Bh6 Bxh6 20. Qxh6 Qf7 21. h5 gxh5 22. Rxh5 Bf5 23. g4 Bg6 24. Rg5 Qg7 25. Qh4 Kg8 26. Kf2 h6 27. Rxg6 Qxg6 28. Rh1 Qg5 29. Qg3 Rf6 30. Rh5 Qg7 31. d4 exd4 32. f4 Raf8 33. f5 Rg6 34. Rh4 Rxf5+ 0-1

[Event "Karl Mala Memorial op 10th"]
[Site "Griesheim"]
[Date "2006.07.22"]
[Round "4"]
[White "Kutschera, Julian"]
[Black "Kirschner, Matthias"]
[Result "1-0"]
[WhiteElo "1865"]
[BlackElo "1516"]
[PlyCount "135"]
[EventDate "2006.07.20"]
[EventType "swiss"]
[EventRounds "7"]
[EventCountry "GER"]
[SourceTitle "CBM 113 Extra"]
[Source "ChessBase"]
[SourceDate "2006.09.14"]
[SourceVersion "1"]
[SourceVersionDate "2006.09.14"]
[SourceQuality "1"]

1. d4 d6 2. Nf3 Nd7 3. e3 e5 4. Bd3 Ngf6 5. Nbd2 Be7 6. 0-0 0-0 7. c3 b6 8. Qc2 Re8 9. dxe5 Nxe5 10. Bb5 Bd7 11. Bxd7 Nxf3+ 12. Nxf3 Qxd7 13. Rd1 Rad8 14. c4 Qc8 15. e4 Bf8 16. Bg5 Be7 17. Nd2 Ng4 18. Bxe7 Rxe7 19. Nb3 Rde8 20. Re1 Ne5 21. Nd4 Qb7 22. b4 Nd7 23. f3 c5 24. Nf5 Re6 25. Rad1 Qc7 26. Qd2 cxb4 27. Nxd6 Rd8 28. Qxb4 Nc5 29. Nb5 Qe7 30. Qa3 Rxd1 31. Rxd1 a6 32. Nc3 h6 33. Nd5 Qb7 34. Rb1 Qa7 35. Kh1 Kh8 36. Qb4 Nd7 37. Qd2 Nc5 38. Nxb6 Rxb6 39. Qd8+ Kh7 40. Qxb6 Qe7 41. Rd1 Qe5 42. Qd6 Qh5 43. Qd5 Qxd5 44. Rxd5 Ne6 45. c5 Kg6 46. g3 Kf6 47. Kg2 Ke7 48. Kf2 Nc7 49. Ke3 g6 50. a4 Ke6 51. Rd6+ Ke7 52. Rc6 Kd7 53. Rxc7+ Kxc7 54. Kd4 Kc6 55. f4 Kc7 56. Kd5 Kd7 57. c6+ Kc7 58. a5 Kc8 59. Kd6 Kd8 60. g4 h5 61. gxh5 gxh5 62. e5 h4 63. f5 h3 64. e6 fxe6 65. fxe6 Kc8 66. e7 Kb8 67. e8Q+ Ka7 68. Qd7+ 1-0

[Event "Karl Mala Memorial op 10th"]
[Site "Griesheim"]
[Date "2006.07.21"]
[Round "3"]
[White "Kirschner, Matthias"]
[Black "Kolker, Vladislav"]
[Result "1/2-1/2"]
[WhiteElo "1516"]
[BlackElo "1963"]
[PlyCount "29"]
[EventDate "2006.07.20"]
[EventType "swiss"]
[EventRounds "7"]
[EventCountry "GER"]
[SourceTitle "CBM 113 Extra"]
[Source "ChessBase"]
[SourceDate "2006.09.14"]
[SourceVersion "1"]
[SourceVersionDate "2006.09.14"]
[SourceQuality "1"]

1. g3 Nf6 2. Bg2 g6 3. c4 Bg7 4. Nc3 0-0 5. d3 d6 6. Nf3 e5 7. Nd2 c6 8. 0-0 Be6 9. Rb1 Nh5 10. b4 f5 11. Qc2 d5 12. b5 e4 13. bxc6 bxc6 14. cxd5 cxd5 15. Ba3 1/2-1/2

[Event "Karl Mala Memorial op 10th"]
[Site "Griesheim"]
[Date "2006.07.20"]
[Round "1"]
[White "Kirschner, Matthias"]
[Black "Schwartz, Gerhard"]
[Result "1/2-1/2"]
[WhiteElo "1516"]
[BlackElo "2076"]
[PlyCount "80"]
[EventDate "2006.07.20"]
[EventType "swiss"]
[EventRounds "7"]
[EventCountry "GER"]
[SourceTitle "CBM 113 Extra"]
[Source "ChessBase"]
[SourceDate "2006.09.14"]
[SourceVersion "1"]
[SourceVersionDate "2006.09.14"]
[SourceQuality "1"]

1. g3 c5 2. Bg2 g6 3. c4 Bg7 4. Nc3 Nc6 5. Nf3 Nf6 6. 0-0 0-0 7. Rb1 Rb8 8. a3 a6 9. b4 cxb4 10. axb4 b5 11. cxb5 axb5 12. Qb3 d6 13. d3 Bg4 14. Be3 Qd7 15. Rfc1 Be6 16. Qd1 Nd5 17. Nxd5 Bxd5 18. Qd2 Ra8 19. Rc2 Ra4 20. Qe1 Rb8 21. Bd2 Bxf3 22. Bxf3 Nd4 23. Rcc1 Nxf3+ 24. exf3 Ra3 25. Bc3 Bxc3 26. Rxc3 Rxc3 27. Qxc3 Rc8 28. Qd4 Qf5 29. Kg2 f6 30. Re1 Rc7 31. Qb6 Qd7 32. Qb8+ Kg7 33. Qb6 e5 34. Qe3 Qc6 35. Ra1 g5 36. Ra7 Rxa7 37. Qxa7+ Kg6 38. Qe3 Qc3 39. Qe4+ f5 40. Qd5 Qxb4 1/2-1/2